|
|
|
|
| LEADER |
02332nam a2200397 a 4500 |
| 001 |
12320 |
| 003 |
BD-DhAAL |
| 008 |
110115r20021997maua 001 0 eng d |
| 999 |
|
|
|c 10308
|d 10308
|
| 010 |
|
|
|a 97002147
|
| 020 |
|
|
|a 8178081113
|
| 020 |
|
|
|a 0201896834 (v. 1 : acid-free paper)
|
| 020 |
|
|
|a 0201896842 (v. 2 : acid-free paper)
|
| 020 |
|
|
|a 0201896850 (v. 3 : acid-free paper)
|
| 040 |
|
|
|a DLC
|c DLC
|d DLC
|d BD-DhAAL
|
| 082 |
0 |
0 |
|a 005.1
|2 21
|
| 100 |
1 |
|
|a Knuth, Donald Ervin,
|d 1938-
|9 42360
|
| 245 |
1 |
4 |
|a The art of computer programming /
|c Donald E. Knuth.
|
| 250 |
|
|
|a Third edition
|
| 260 |
|
|
|a Reading, Mass. :
|b Addison-Wesley ;
|a New Delhi :
|b Pearson Education,
|c c1997 [reprinted 2002].
|
| 300 |
|
|
|a 3 v. :
|b illustrations ;
|c 24 cm.
|
| 362 |
0 |
|
|a Volume 1
|
| 500 |
|
|
|a Includes index.
|
| 505 |
1 |
|
|a v. 1. Fundamental algorithms -- v. 2. Seminumerical algorithms -- v. 3. Sorting and searching.
|
| 541 |
1 |
|
|e 12320
|
| 650 |
|
0 |
|a Computer programming.
|9 42361
|
| 650 |
|
0 |
|a Computer algorithms.
|9 42362
|
| 650 |
|
0 |
|a Computer science.
|9 42363
|
| 852 |
|
|
|a Ayesha Abed library
|c General Stacks
|
| 942 |
|
|
|2 ddc
|c BK
|
| 952 |
|
|
|0 0
|1 0
|2 ddc
|4 0
|6 005_100000000000000_KNU
|7 0
|9 13866
|a BRACUL
|b BRACUL
|c GEN
|d 2011-01-15
|l 4
|m 79
|o 005.1 KNU
|p 3010012320
|q 2026-06-02
|r 2026-03-29
|s 2026-03-29
|t 1
|w 2011-01-15
|y BK
|x Price not available in Register
|
| 952 |
|
|
|0 0
|1 0
|2 ddc
|4 0
|6 005_100000000000000_KNU
|7 0
|9 13880
|a BRACUL
|b BRACUL
|c GEN
|d 2011-01-15
|l 4
|m 27
|o 005.1 KNU
|p 3010012321
|r 2015-01-28
|s 2014-11-11
|t 2
|w 2011-01-15
|y BK
|x Price not available in Register
|
| 952 |
|
|
|0 0
|1 0
|2 ddc
|4 0
|6 005_100000000000000_KNU
|7 0
|9 13881
|a BRACUL
|b BRACUL
|c GEN
|d 2011-01-15
|l 5
|m 18
|o 005.1 KNU
|p 3010012338
|r 2025-10-29
|s 2025-10-26
|t 3
|w 2011-01-15
|y BK
|x Price not available in Register
|
| 952 |
|
|
|0 0
|1 0
|2 ddc
|4 0
|6 005_100000000000000_KNU
|7 0
|9 13882
|a BRACUL
|b BRACUL
|c GEN
|d 2011-01-15
|l 3
|m 40
|o 005.1 KNU
|p 3010012150
|r 2025-08-27
|s 2020-01-13
|t 4
|w 2011-01-15
|y BK
|x Price not available in Register
|
| 952 |
|
|
|0 0
|1 0
|2 ddc
|4 0
|6 005_100000000000000_KNU
|7 0
|9 14837
|a BRACUL
|b BRACUL
|c GEN
|d 2011-03-21
|l 8
|m 85
|o 005.1 KNU
|p 3010012332
|r 2025-08-13
|s 2025-06-23
|t 5
|w 2011-03-21
|y BK
|x Price not available in Register
|
| 952 |
|
|
|0 0
|1 0
|2 ddc
|4 0
|6 005_100000000000000_KNU
|7 0
|9 16484
|a BRACUL
|b BRACUL
|c GEN
|d 2011-05-16
|g 486.00
|l 6
|m 75
|o 005.1 KNU
|p 3010013089
|r 2022-04-10
|s 2020-01-12
|t 6
|w 2011-05-16
|y BK
|